Historia de los Estados Unidos

Guardat en:
Dades bibliogràfiques
Autor principal: Janssens, Jacques (Autor)
Format: Llibre
Idioma:espanyol
Publicat: Barcelona Betis 1961
Matèries:
Etiquetes: Afegir etiqueta
Sense etiquetes, Sigues el primer a etiquetar aquest registre!

MARC

LEADER 00000nam a2200000 a 4500
001 UCO1130
003 CL-VaPUC
008 000512e19610000SP |||||||||||||||||spa|d
082 0 4 |a 973  |b JAN  |2 21 
100 0 |a Janssens, Jacques  |e author  |9 442967 
245 1 0 |a Historia de los Estados Unidos 
300 |a 237 p 
942 |c BK 
945 |d 20000512 00:00:00  |a crobeson 
260 |a Barcelona  |b Betis  |c 1961 
650 7 |a HISTORIA ESTADOUNIDENSE  |2 CL-VaPUC  |9 350346 
650 7 |a COLONIA  |2 CL-VaPUC  |9 442968 
650 0 |a Independencia   |9 344246 
650 0 |a Guerra civil  |9 320243 
650 0 |a Desarrollo industrial  |9 322675 
651 0 |a Estados Unidos  |9 255178 
583 |a last modification  |c 20000512 00:00:00  |k Rodrigo Vera 
999 |c 287759  |d 287757 
952 |0 0  |1 0  |4 0  |6 973_000000000000000_JAN_1961  |7 0  |8 A  |9 334792  |a BIBHIS  |b BIBHIS  |d 2019-11-20  |i 1273906  |o 973 JAN 1961  |p 1273906  |r 2025-01-20  |w 2019-11-20  |y BK  |k HIS